Matière grise année zéro

Uloženo v:
Podrobná bibliografie
Médium: Kniha
Jazyk:Undetermined
Vydáno: Paris Editions Denoel 1970
Témata:
Tagy: Přidat tag
Žádné tagy, Buďte první, kdo otaguje tento záznam!
Thư viện lưu trữ: Trung tâm Học liệu Trường Đại học Cần Thơ
LEADER 00473nam a2200169Ia 4500
001 CTU_83629
008 210402s9999 xx 000 0 und d
082 |a 658.4 
082 |b M433 
245 0 |a Matière grise année zéro 
245 0 |c Richard Armand ... [ et al. ] 
260 |a Paris 
260 |b Editions Denoel 
260 |c 1970 
650 |a Management information systems 
904 |i Qhieu(sửa) 
980 |a Trung tâm Học liệu Trường Đại học Cần Thơ